[Event "Douglas IoM op-C"]
[Site "Douglas"]
[Date "2018.10.26"]
[Round "5"]
[White "Pal, Rohan"]
[Black "Cheung, Martin"]
[Result "1-0"]
[WhiteElo "1585"]
[BlackElo "1200"]
[PlyCount "77"]
[EventDate "2018.10.22"]
[EventType "swiss"]
[EventRounds "7"]
[EventCountry "IOM"]
[SourceTitle "CBM 187 Extra"]
[Source "ChessBase"]
[SourceDate "2018.11.04"]
[SourceVersion "1"]
[SourceVersionDate "2018.11.04"]
[SourceQuality "1"]

1. e4 c5 2. Nf3 d6 3. d4 cxd4 4. Qxd4 Nc6 5. Bb5 e5 6. Qd3 Bd7 7. Nc3 Nf6 8. Bg5 a6 9. Ba4 b5 10. Bb3 h6 11. Bxf6 Qxf6 12. Nd5 Qd8 13. 0-0 g6 14. Rad1 Bg7 15. Ne3 0-0 16. Qxd6 Qc8 17. Qxd7 Qxd7 18. Rxd7 Rad8 19. Rfd1 Rxd7 20. Rxd7 a5 21. a4 bxa4 22. Bxa4 Nb8 23. Rd5 f6 24. Rxa5 f5 25. Bb3+ Kh7 26. exf5 gxf5 27. Nxe5 Bxe5 28. Rxe5 Nc6 29. Rxf5 Rxf5 30. Nxf5 Na5 31. Kf1 Kg6 32. Nd4 Nxb3 33. Nxb3 h5 34. c4 Kg5 35. c5 h4 36. c6 Kg4 37. c7 h3 38. gxh3+ Kxh3 39. c8Q+ 1-0